|
|
|
|
| LEADER |
00000nas a2200000 a 4500 |
| 001 |
ssj0007978 |
| 003 |
WaSeSS |
| 005 |
20200512172242.0 |
| 006 |
m d |
| 007 |
cr n |
| 008 |
020816c19819999aluar s 0 a0eng c |
| 010 |
|
|
|a 2012236747
|
| 015 |
|
|
|a 015255360
|2 dnb
|
| 016 |
7 |
|
|a 015255360
|2 DE-101
|
| 016 |
7 |
|
|a 2144617-9
|2 DE-600
|
| 022 |
|
|
|a 2166-9953
|y 0733-2033
|
| 035 |
|
|
|a (WaSeSS)ssj0007978
|
| 037 |
|
|
|b Project Muse/JHUP, 2715 N. Charles St., Baltimore, MD 21218
|
| 040 |
|
|
|a FHM
|b eng
|c FHM
|d OCLCQ
|d CUI
|d NOC
|d DLC
|d TXA
|d OCLCQ
|d OCLCA
|d OCLCQ
|d OCLCA
|d OCLCF
|d CUD
|d AUD
|d HEBIS
|d LND
|d OCLCQ
|d ELW
|d OCLCO
|d AU@
|d VT2
|d CNTRU
|d OCLCE
|d FIE
|d UWO
|d CEF
|d NTG
|d OCLCO
|d WaSeSS
|
| 042 |
|
|
|a dlr
|a pcc
|a nsdp
|
| 050 |
1 |
4 |
|a PN2000
|b .T49
|
| 082 |
0 |
4 |
|a 792/.09
|
| 130 |
0 |
|
|a Theatre history studies (Online)
|
| 222 |
|
0 |
|a Theatre history studies
|b (Online)
|
| 245 |
1 |
0 |
|a Theatre history studies
|h [electronic resource].
|
| 246 |
3 |
|
|a THS
|
| 260 |
|
|
|a Grand Forks, ND :
|b University of North Dakota Press,
|c ©1981-
|
| 310 |
|
|
|a Annual
|
| 362 |
1 |
|
|a Began with: Vol. 1 (1981).
|
| 500 |
|
|
|a "Official journal of the Mid-America Theatre Conference."
|
| 506 |
|
|
|a License restrictions may limit access.
|
| 538 |
|
|
|a Master and use copy. Digital master created according to Benchmark for Faithful Digital Reproductions of Monographs and Serials, Version 1. Digital Library Federation, December 2002.
|u http://purl.oclc.org/DLF/benchrepro0212
|5 MiAaHDL
|
| 538 |
|
|
|a Mode of access: World Wide Web.
|
| 550 |
|
|
|a Made available in: International index to the performing arts full text.
|
| 583 |
1 |
|
|a digitized
|c 2010
|h HathiTrust Digital Library
|l committed to preserve
|2 pda
|5 MiAaHDL
|
| 588 |
|
|
|a Description based on: Vol. 1 (1981); title from PDF title page (PAO, viewed Sept. 21, 2012).
|
| 588 |
|
|
|a Latest issue consulted: Vol. 31 (Jan. 1, 2011) (viewed Mar. 30, 2012).
|
| 650 |
|
0 |
|a Theater
|x History
|v Periodicals.
|
| 650 |
|
7 |
|a Theater.
|2 fast
|0 (OCoLC)fst01149217
|
| 650 |
1 |
7 |
|a Toneel.
|2 gtt
|
| 655 |
|
0 |
|a Electronic journals.
|
| 710 |
2 |
|
|a University of North Dakota.
|b Department of Theatre Arts.
|
| 710 |
2 |
|
|a Mid-America Theatre Conference.
|
| 730 |
0 |
|
|a International index to the performing arts full text.
|
| 776 |
0 |
8 |
|i Print version:
|t Theatre history studies
|x 0733-2033
|w (DLC) 82643681
|w (OCoLC)7863668
|
| 856 |
4 |
0 |
|z Full text available from Research Library: 01/01/2001 to present
|u https://search.proquest.com/publication/32659
|